Efektívnosť miestnej samosprávy – Bratislava

Porovnanie efektívnosti výkonu správy jednotlivými mestskými časťami Bratislavy a vyčíslenie možných úspor, ktoré by bolo možné dosiahnuť stanovením finančného štandardu na výkon správnych činností.

Salvato in:
Dettagli Bibliografici
Autore principale: Černěnko, Tomáš, 1981-
Natura: Capitolo di libro
Lingua:slovacco
Soggetti:
Tags: Aggiungi Tag
Nessun Tag, puoi essere il primo ad aggiungerne!!

MARC

LEADER 00000nla a2200000 4500
001 0165621
005 20240502072903.5
041 0 |a slo 
044 |a SK 
245 1 0 |a Efektívnosť miestnej samosprávy – Bratislava  |c Tomáš Černěnko 
520 |a Porovnanie efektívnosti výkonu správy jednotlivými mestskými časťami Bratislavy a vyčíslenie možných úspor, ktoré by bolo možné dosiahnuť stanovením finančného štandardu na výkon správnych činností. 
610 2 0 |a mestá 
610 2 0 |a samospráva miestna 
610 2 0 |a financovanie 
610 2 0 |a efektívnosť 
610 2 0 |a úspory finančné 
100 1 |a Černěnko, Tomáš, 1981-